Rubber, raw natural-Determination of dirt content (Record no. 74105)

MARC details
000 -LEADER
fixed length control field 00456nam a2200157Ia 4500
245 #0 - TITLE STATEMENT
Title Rubber, raw natural-Determination of dirt content
260 ## - PUBLICATION, DISTRIBUTION, ETC. (IMPRINT)
Place of publication Switzerland
260 ## - PUBLICATION, DISTRIBUTION, ETC. (IMPRINT)
Year of publication 1995
Name of publisher International Organization for Standardization
490 ## - SERIES STATEMENT
Series statement ISO
500 ## - GENERAL NOTE
General note Standard number: ISO 249 Ed3
650 ## - SUBJECT ADDED ENTRY--TOPICAL TERM
Topical Term Dirt content determination
650 ## - SUBJECT ADDED ENTRY--TOPICAL TERM
Topical Term Natural rubber
650 ## - SUBJECT ADDED ENTRY--TOPICAL TERM
Topical Term Raw rubber
942 ## - ADDED ENTRY ELEMENTS (KOHA)
Koha item type Standards
Holdings
Withdrawn status Lost status Damaged status Not for loan Home library Current library Date acquired Koha item type
      Standards RRII Library RRII Library 31/12/2021 Standards